[Event "OLOA 1920 SG AE Magdeburg II - SG G-W D"]
[Site "?"]
[Date "2019.11.17"]
[Round "3.2"]
[White "Rothe, Guido"]
[Black "Siedentopf, Daniel"]
[Result "1/2-1/2"]
[WhiteElo "2195"]
[BlackElo "2282"]
[PlyCount "54"]
[EventDate "2019.09.29"]
[EventType "team-tourn"]
[EventCountry "GER"]
[WhiteTeam "Magdeburg SG Aufbau Elbe"]
[BlackTeam "Dresden SG Gruen Weiss"]
[WhiteTeamCountry "GER"]
[BlackTeamCountry "GER"]

1. d4 f5 2. c4 Nf6 3. Nc3 d6 4. Bg5 Nbd7 5. Qc2 g6 6. h4 c6 7. O-O-O Qa5 8. Bd2
Qc7 9. Nh3 e5 10. Ng5 Nb6 11. c5 Nc4 12. cxd6 Bxd6 13. dxe5 Nxe5 14. e4 h6 15.
f4 hxg5 16. fxe5 Bxe5 17. exf5 Bxf5 18. Bd3 O-O-O 19. Bxf5+ gxf5 20. Qxf5+ Kb8
21. Bxg5 Rdf8 22. Rhe1 Bg3 23. Rf1 Nh7 24. Qd3 Nxg5 25. Rxf8+ Rxf8 26. hxg5
Bf4+ 27. Kb1 Bxg5 1/2-1/2

[Event "OLOA 1920 SG AE Magdeburg II - SG G-W D"]
[Site "?"]
[Date "2019.11.17"]
[Round "3.3"]
[White "Genkin, Michael"]
[Black "Rafayevych, Vilen"]
[Result "1/2-1/2"]
[WhiteElo "2270"]
[BlackElo "2094"]
[PlyCount "71"]
[EventDate "2019.09.29"]
[EventType "team-tourn"]
[EventCountry "GER"]
[WhiteTeam "Dresden SG Gruen Weiss"]
[BlackTeam "Magdeburg SG Aufbau Elbe"]
[WhiteTeamCountry "GER"]
[BlackTeamCountry "GER"]

1. d4 d5 2. c4 c6 3. cxd5 cxd5 4. Nf3 Nc6 5. Nc3 Nf6 6. Bf4 a6 7. e3 e6 8. Bd3
Bd6 9. Bxd6 Qxd6 10. Rc1 Bd7 11. O-O Na7 12. Ne5 O-O 13. f4 Nb5 14. Qb3 Nxc3
15. Rxc3 b5 16. Rfc1 Rac8 17. Rxc8 Rxc8 18. Rxc8+ Bxc8 19. Qc3 Bb7 20. b4 Ne8
21. Bc2 Qc7 22. Qxc7 Nxc7 23. f5 Bc8 24. fxe6 Bxe6 25. Kf2 f6 26. Nc6 Ne8 27.
Na5 Nd6 28. Nb3 Nc4 29. Nc5 Bc8 30. Bd3 Nd6 31. Be2 f5 32. Bf3 Ne4+ 33. Ke1 Kf7
34. Nxe4 fxe4 35. Be2 Kf6 36. Kf2 1/2-1/2

[Event "OLOA 1920 SG AE Magdeburg II - SG G-W D"]
[Site "?"]
[Date "2019.11.17"]
[Round "3.4"]
[White "Koenig, Marco"]
[Black "Zimmermann, Rene"]
[Result "1-0"]
[WhiteElo "2093"]
[BlackElo "2216"]
[PlyCount "53"]
[EventDate "2019.09.29"]
[EventType "team-tourn"]
[EventCountry "GER"]
[WhiteTeam "Magdeburg SG Aufbau Elbe"]
[BlackTeam "Dresden SG Gruen Weiss"]
[WhiteTeamCountry "GER"]
[BlackTeamCountry "GER"]

1. e4 e6 2. d4 d5 3. e5 c5 4. c3 Qb6 5. Nf3 Bd7 6. a3 a5 7. Bd3 Nc6 8. dxc5
Bxc5 9. Qe2 Nge7 10. O-O a4 11. Nbd2 Ng6 12. g3 Na5 13. Ng5 Rc8 14. h4 Qc7 15.
Re1 Nc4 16. Nxc4 dxc4 17. Bc2 f6 18. Qh5 Ke7 19. Bxg6 hxg6 20. Qxg6 Rhf8 21.
Bf4 Bxf2+ 22. Kh2 Qb6 23. Qxg7+ Ke8 24. Rad1 Rc7 25. exf6 Rxf6 26. Qxf6 Bxe1
27. Qf7+ 1-0

[Event "OLOA 1920 SG AE Magdeburg II - SG G-W D"]
[Site "?"]
[Date "2019.11.17"]
[Round "3.5"]
[White "Gehmlich, Marcel"]
[Black "Noack, Marcel"]
[Result "1/2-1/2"]
[WhiteElo "2204"]
[BlackElo "2013"]
[PlyCount "75"]
[EventDate "2019.09.29"]
[EventType "team-tourn"]
[EventCountry "GER"]
[WhiteTeam "Dresden SG Gruen Weiss"]
[BlackTeam "Magdeburg SG Aufbau Elbe"]
[WhiteTeamCountry "GER"]
[BlackTeamCountry "GER"]

1. c4 g6 2. Nc3 Bg7 3. g3 d6 4. Bg2 Nc6 5. e3 e5 6. Nge2 Nge7 7. Nd5 O-O 8. O-O
a5 9. Nec3 f5 10. d3 Kh8 11. a3 Nxd5 12. Nxd5 Ne7 13. Bd2 c6 14. Nxe7 Qxe7 15.
b4 axb4 16. axb4 Be6 17. Bc3 e4 18. Qc2 d5 19. c5 g5 20. Rxa8 Rxa8 21. Qb2 Bxc3
22. Qxc3+ Qg7 23. Qxg7+ Kxg7 24. d4 f4 25. gxf4 gxf4 26. f3 fxe3 27. fxe4 e2
28. Re1 Ra4 29. exd5 Bxd5 30. Bxd5 cxd5 31. Rxe2 Rxb4 32. Re7+ Kg6 33. Kf2 Rxd4
34. Rxb7 Rc4 35. Rc7 Rc3 36. c6 d4 37. Rd7 Rxc6 38. Rxd4 1/2-1/2

[Event "OLOA 1920 SG AE Magdeburg II - SG G-W D"]
[Site "?"]
[Date "2019.11.17"]
[Round "3.6"]
[White "Brueggemann, Florian"]
[Black "Nake, Matthias"]
[Result "0-1"]
[WhiteElo "1987"]
[BlackElo "2179"]
[PlyCount "54"]
[EventDate "2019.09.29"]
[EventType "team-tourn"]
[EventCountry "GER"]
[WhiteTeam "Magdeburg SG Aufbau Elbe"]
[BlackTeam "Dresden SG Gruen Weiss"]
[WhiteTeamCountry "GER"]
[BlackTeamCountry "GER"]

1. e4 c5 2. Nf3 Nc6 3. Bc4 g6 4. c3 Bg7 5. Qe2 d6 6. Bb3 e5 7. d3 Nge7 8. Nbd2
O-O 9. Nf1 b5 10. h4 Na5 11. Bc2 b4 12. Ne3 d5 13. cxb4 cxb4 14. Bd2 Rb8 15.
Bb3 dxe4 16. dxe4 Nec6 17. Bd5 Nd4 18. Nxd4 exd4 19. Nd1 Qd6 20. Rc1 Ba6 21.
Qf3 Rbe8 22. Bb3 Nxb3 23. axb3 Qd5 24. Bxb4 Rxe4+ 25. Ne3 dxe3 26. Rd1 exf2+
27. Kxf2 Bd4+ 0-1

[Event "OLOA 1920 SG AE Magdeburg II - SG G-W D"]
[Site "?"]
[Date "2019.11.17"]
[Round "3.7"]
[White "Hutsch, Oliver"]
[Black "Windelband, Jens"]
[Result "0-1"]
[WhiteElo "2155"]
[BlackElo "2092"]
[PlyCount "56"]
[EventDate "2019.09.29"]
[EventType "team-tourn"]
[EventCountry "GER"]
[WhiteTeam "Dresden SG Gruen Weiss"]
[BlackTeam "Magdeburg SG Aufbau Elbe"]
[WhiteTeamCountry "GER"]
[BlackTeamCountry "GER"]

1. d4 e6 2. g3 d5 3. Bg2 c5 4. Nf3 Nc6 5. O-O Nf6 6. c3 Be7 7. e3 O-O 8. Nbd2
b6 9. Re1 Qc7 10. e4 cxd4 11. exd5 Nxd5 12. c4 Ndb4 13. Ne4 d3 14. Bf4 Qd8 15.
Re3 f5 16. Neg5 Bc5 17. Nxe6 Bxe6 18. Rxe6 Qd7 19. Rxc6 Nxc6 20. Ng5 h6 21.
Bd5+ Kh8 22. Qh5 Rf6 23. Nf7+ Rxf7 24. Bxc6 Qxc6 25. Qxf7 Rf8 26. Qxa7 Qf3 27.
Rf1 Re8 28. Qd7 Bxf2+ 0-1

[Event "OLOA 1920 SG AE Magdeburg II - SG G-W D"]
[Site "?"]
[Date "2019.11.17"]
[Round "3.8"]
[White "Willberg, Frank"]
[Black "Butscher, Daniel"]
[Result "0-1"]
[WhiteElo "1857"]
[BlackElo "2066"]
[PlyCount "56"]
[EventDate "2019.09.29"]
[EventType "team-tourn"]
[EventCountry "GER"]
[WhiteTeam "Magdeburg SG Aufbau Elbe"]
[BlackTeam "Dresden SG Gruen Weiss"]
[WhiteTeamCountry "GER"]
[BlackTeamCountry "GER"]

1. Nf3 c5 2. c4 g6 3. g3 Bg7 4. Bg2 Nc6 5. Nc3 e6 6. O-O Nge7 7. d3 O-O 8. Bf4
d6 9. Qd2 Nf5 10. e4 Nfd4 11. Rab1 e5 12. Bh6 Bg4 13. Nxd4 Nxd4 14. f3 Be6 15.
Be3 f5 16. f4 Qd7 17. b4 Rab8 18. Rb2 b6 19. a4 fxe4 20. Bxe4 Nf5 21. Bxf5 Bxf5
22. b5 Rbe8 23. Rbb1 exf4 24. Rxf4 Bxc3 25. Qxc3 Rxe3 26. Rbf1 h5 27. Qd2 Rfe8
28. Qg2 Qe6 0-1

[Event "OLOA 1920 SV Sangerhausen - SV Rochade "]
[Site "?"]
[Date "2019.12.07"]
[Round "4.1"]
[White "Mikes, Jan"]
[Black "Strache, Michael"]
[Result "1-0"]
[WhiteElo "2362"]
[BlackElo "2301"]
[PlyCount "109"]
[EventDate "2019.??.??"]
[EventType "team-tourn"]

1. e4 e5 2. Nf3 Nc6 3. d4 exd4 4. Nxd4 Nf6 5. Nxc6 bxc6 6. e5 Qe7 7. Qe2 Nd5 8.
h4 a5 9. c4 Ba6 10. b3 Nb6 11. Bb2 a4 12. Nd2 Qe6 13. Bc3 Bb7 14. g3 axb3 15.
Bh3 Qg6 16. Nxb3 c5 17. O-O Qe4 18. Qxe4 Bxe4 19. Rfd1 Be7 20. f4 Ra4 21. f5
Bf3 22. Rf1 Be2 23. Rfe1 Rxc4 24. Rac1 Bg4 25. Bf1 Ra4 26. f6 Bf8 27. e6 Bxe6
28. fxg7 Bxg7 29. Bxg7 Rg8 30. Be5 c4 31. Nc5 Ra7 32. Nxe6 fxe6 33. Bxc4 Nxc4
34. Rxc4 d6 35. Bf4 Kd7 36. Rc2 e5 37. Be3 Ra4 38. Kh2 c5 39. Rf1 Ra3 40. Re2
Rg4 41. Kg2 Ke6 42. Rb1 Re4 43. Kf3 d5 44. Rb3 Ra5 45. Rb6+ Kf5 46. Rh6 Ra3 47.
g4+ Rxg4 48. Rh5+ Kg6 49. Kxg4 Ra4+ 50. Bf4 Rxf4+ 51. Kg3 Rf5 52. Rxf5 Kxf5 53.
a4 d4 54. a5 d3 55. Rf2+ 1-0

[Event "OLOA 1920 SV Sangerhausen - SV Rochade "]
[Site "?"]
[Date "2019.12.07"]
[Round "4.2"]
[White "Engelmann, Jakob"]
[Black "Kuchynka, Lukas"]
[Result "1/2-1/2"]
[WhiteElo "2285"]
[BlackElo "2283"]
[PlyCount "137"]
[EventDate "2019.??.??"]
[EventType "team-tourn"]

1. d4 Nf6 2. c4 g6 3. Nc3 Bg7 4. e4 d6 5. Nf3 O-O 6. Be2 e5 7. O-O exd4 8. Nxd4
Re8 9. f3 c6 10. Nc2 Na6 11. Kh1 Qe7 12. Bg5 Nc5 13. Qd2 a5 14. Rfd1 Rd8 15.
Qe3 Ne6 16. Bh4 Re8 17. Na4 Nc5 18. Nb6 Ra6 19. Bg3 Rxb6 20. Bxd6 Qe6 21. Bxc5
Rxb2 22. Nd4 Qe5 23. Qa3 Rb4 24. Qxa5 b6 25. Bxb6 Qxa5 26. Bxa5 Ra4 27. Bc3 Nh5
28. Rdc1 Nf4 29. Bf1 Ra3 30. Bb2 Ra4 31. Rc2 c5 32. Nb3 Bxb2 33. Rxb2 Ne6 34.
Rd1 Ba6 35. Rc2 Ra8 36. Kg1 Bb7 37. Rdd2 Ra3 38. Rb2 g5 39. g3 g4 40. fxg4 Bxe4
41. Bg2 Bxg2 42. Kxg2 R8a4 43. Rbc2 Rb4 44. Rd5 Raa4 45. Nxc5 Rxc4 46. Rxc4
Rxc4 47. Nb3 Rxg4 48. Kf3 Rb4 49. Ke3 Kg7 50. Kd3 Kg6 51. Kc3 Re4 52. Na5 h5
53. Nc4 h4 54. Re5 Ng5 55. a4 hxg3 56. hxg3 Rg4 57. a5 Ne4+ 58. Kd3 Nf2+ 59.
Kc3 Rxg3+ 60. Kd4 Rg4+ 61. Kd5 Nd3 62. Re7 Rg1 63. Re3 Rg5+ 64. Kd4 Nb4 65.
Ne5+ Kf6 66. Kc5 Rxe5+ 67. Rxe5 Kxe5 68. Kxb4 Kd6 69. a6 1/2-1/2

[Event "OLOA 1920 SV Sangerhausen - SV Rochade "]
[Site "?"]
[Date "2019.12.07"]
[Round "4.4"]
[White "Hellwig, Tobias"]
[Black "Mueller, Dominik"]
[Result "0-1"]
[WhiteElo "2232"]
[BlackElo "2261"]
[PlyCount "92"]
[EventDate "2019.??.??"]
[EventType "team-tourn"]

1. d4 e6 2. Nf3 d5 3. c4 Nf6 4. Nc3 Be7 5. Bg5 O-O 6. e3 Ne4 7. Bxe7 Qxe7 8.
Bd3 Nxc3 9. bxc3 dxc4 10. Bxc4 c5 11. O-O Nc6 12. Qc2 b6 13. Bd3 h6 14. Rac1
Bb7 15. Qa4 Rfd8 16. Rfd1 Rac8 17. Bb1 cxd4 18. exd4 Qf6 19. Qc2 g6 20. Qe2 Qf4
21. Qe3 Qxe3 22. fxe3 Na5 23. Ne5 Rc7 24. Rd2 Rdc8 25. Rf2 Nc4 26. Nxc4 Rxc4
27. Rfc2 Be4 28. Rb2 Bxb1 29. Rcxb1 Rxc3 30. Kf2 R8c4 31. Rd1 Rc2+ 32. Rd2 Rxb2
33. Rxb2 Kg7 34. Ke2 f5 35. Rd2 Ra4 36. e4 Ra3 37. d5 exd5 38. exd5 Kf7 39. d6
Ke8 40. d7+ Kd8 41. g3 h5 42. Kd1 Ra4 43. Rd6 Rxa2 44. Rxg6 Rxh2 45. Rg8+ Kxd7
46. Ra8 a5 0-1

[Event "OLOA 1920 SV Sangerhausen - SV Rochade "]
[Site "?"]
[Date "2019.12.07"]
[Round "4.5"]
[White "Niering, Martin"]
[Black "Guenther, Christian"]
[Result "1-0"]
[WhiteElo "2218"]
[BlackElo "2174"]
[PlyCount "39"]
[EventDate "2019.??.??"]
[EventType "team-tourn"]

1. e4 Nf6 2. e5 Nd5 3. d4 d6 4. Nf3 g6 5. Bc4 Nb6 6. Bb3 Bg7 7. O-O O-O 8. h3
Nc6 9. Qe2 dxe5 10. dxe5 Nd4 11. Nxd4 Qxd4 12. Re1 Be6 13. Nd2 Bxb3 14. axb3 e6
15. Nf3 Qb4 16. Bd2 Qc5 17. c4 h6 18. Qe4 c6 19. Qh4 Kh7 20. Ra5 1-0

[Event "OLOA 1920 SV Sangerhausen - SV Rochade "]
[Site "?"]
[Date "2019.12.07"]
[Round "4.6"]
[White "Buerckner, Georg"]
[Black "Stolz, Mike"]
[Result "0-1"]
[WhiteElo "2041"]
[BlackElo "2316"]
[PlyCount "90"]
[EventDate "2019.??.??"]
[EventType "team-tourn"]

1. e4 e6 2. c4 c5 3. Nf3 d6 4. d4 cxd4 5. Nxd4 Nf6 6. Nc3 Be7 7. Bd3 O-O 8. O-O
Nc6 9. Bc2 a6 10. Kh1 Qc7 11. b3 Bd7 12. Bb2 b5 13. cxb5 Nxd4 14. Qxd4 axb5 15.
Rac1 Bc6 16. Bb1 Qb7 17. f3 Rfe8 18. e5 dxe5 19. Qxe5 Bf8 20. Ne2 Rad8 21. Qg3
Nh5 22. Qh4 g6 23. Nd4 Bd5 24. Bd3 e5 25. Nxb5 Nf4 26. Bc4 Bxc4 27. bxc4 Rd2
28. Bxe5 Rxe5 29. Qxf4 Ree2 30. Qg3 Rxa2 31. Rcd1 Qc8 32. Nd6 Qc7 33. Rg1 Bh6
34. Nf5 Bf4 35. Nh6+ Kg7 36. Nf5+ Kf6 37. Qh4+ Kxf5 38. Rd5+ Ke6 39. Qxh7 Qxc4
40. Rd8 Rxg2 41. Re1+ Rge2 42. Re8+ Kd6 43. Rd1+ Rad2 44. Rd8+ Kc7 45. R8xd2
Rxd2 0-1

[Event "OLOA 1920 SV Sangerhausen - SV Rochade "]
[Site "?"]
[Date "2019.12.07"]
[Round "4.7"]
[White "Kahe, Ralph"]
[Black "Ellemann, Stefan"]
[Result "1/2-1/2"]
[WhiteElo "2169"]
[BlackElo "2006"]
[PlyCount "145"]
[EventDate "2019.??.??"]
[EventType "team-tourn"]

1. d4 d5 2. Nf3 Nf6 3. c4 c6 4. Nc3 dxc4 5. a4 Bf5 6. e3 e6 7. Bxc4 Bb4 8. O-O
O-O 9. Nh4 Nbd7 10. f3 Nb6 11. Bb3 Nfd5 12. Nxf5 exf5 13. Na2 Re8 14. Nxb4 Nxb4
15. a5 N6d5 16. Re1 Nf6 17. Qe2 Qd7 18. Bd2 Nbd5 19. Qd3 Rad8 20. Rad1 Nc7 21.
Bc2 g6 22. Bc3 Nb5 23. e4 Nxc3 24. bxc3 fxe4 25. fxe4 Qc7 26. Qf3 Kg7 27. Rf1
Ng8 28. e5 c5 29. Bb3 c4 30. Bc2 Re7 31. Rb1 Rc8 32. Rb5 Qc6 33. Rd5 b6 34. Be4
Qe8 35. axb6 axb6 36. Rd6 Rb8 37. Bd5 b5 38. Rf6 Nh6 39. g4 Qd7 40. h3 b4 41.
Rd6 Qa7 42. Qf6+ Kg8 43. e6 bxc3 44. Ra6 Qc7 45. exf7+ Nxf7 46. Qf3 c2 47. Rf6
Rb1 48. Qc3 c1=Q 49. Rxf7 Rxf7 50. Bxf7+ Kg7 51. Rxc1 Rxc1+ 52. Qxc1 Qg3+ 53.
Kf1 Qxh3+ 54. Kf2 Qh4+ 55. Kf3 Qf6+ 56. Kg3 Qxf7 57. Qc3 Qd5 58. Qe3 Qd6+ 59.
Kh3 h6 60. Qc3 Qd5 61. Kg3 h5 62. gxh5 gxh5 63. Qe3 Qd6+ 64. Kh4 Qf6+ 65. Kh3
Qf5+ 66. Kg2 Qc2+ 67. Kh1 Qb1+ 68. Kh2 Qd3 69. Qg5+ Qg6 70. Qe5+ Kg8 71. Qb8+
Kg7 72. Qe5+ Kg8 73. Qb8+ 1/2-1/2

[Event "OLOA 1920 SV Sangerhausen - SV Rochade "]
[Site "?"]
[Date "2019.12.07"]
[Round "4.8"]
[White "Duchrow, Oliver"]
[Black "Hoffmann, Uwe"]
[Result "1/2-1/2"]
[WhiteElo "2085"]
[BlackElo "2123"]
[PlyCount "83"]
[EventDate "2019.??.??"]
[EventType "team-tourn"]

1. e4 d6 2. d4 Nf6 3. Nc3 e5 4. Nf3 exd4 5. Nxd4 Be7 6. Bd3 O-O 7. O-O Re8 8.
Kh1 c5 9. Nde2 Nc6 10. Nf4 Bf8 11. Nfd5 Nxd5 12. Nxd5 Ne5 13. Be2 Nc6 14. Qd3
Nd4 15. Bd1 Bd7 16. a4 Rc8 17. c3 Ne6 18. Qg3 Kh8 19. Bc2 Bc6 20. Be3 Nc7 21.
Rad1 Nxd5 22. exd5 Bd7 23. Bg5 Be7 24. Qh4 g6 25. f4 f5 26. Rde1 Bxg5 27. fxg5
Qb6 28. b3 Rxe1 29. Rxe1 Re8 30. Rxe8+ Bxe8 31. Qe1 Qd8 32. Qe6 Kg7 33. c4 Bf7
34. Qe3 Qe8 35. Qxe8 Bxe8 36. h4 b6 37. Kh2 a6 38. g4 fxg4 39. Kg3 a5 40. Kxg4
Bd7+ 41. Kf4 Bc8 42. Kg3 1/2-1/2

[Event "OLOA 1920 USV Halle - SG AE Magdeburg I"]
[Site "?"]
[Date "2019.12.07"]
[Round "4.1"]
[White "Rothe, Guido"]
[Black "Becker, Michael"]
[Result "0-1"]
[WhiteElo "2197"]
[BlackElo "2261"]
[PlyCount "138"]
[EventDate "2019.??.??"]
[EventType "team-tourn"]

1. e4 c5 2. Nf3 d6 3. d4 cxd4 4. Nxd4 Nf6 5. Nc3 Nc6 6. Be2 e5 7. Nf3 Be7 8.
O-O O-O 9. Bg5 Be6 10. Qd2 Qd7 11. Rfd1 Rfd8 12. Bxf6 Bxf6 13. Nd5 Bxd5 14.
Qxd5 Ne7 15. Qb3 Rac8 16. Bc4 Ng6 17. Bd5 Nf4 18. h3 Rc5 19. Rd2 Rb5 20. Qe3
Nxd5 21. Rxd5 Rxb2 22. Qxa7 Qc6 23. Rad1 h6 24. Qa3 Rxc2 25. Nxe5 Qb6 26. Ng4
Be7 27. Qg3 Kf8 28. Ne3 Rxa2 29. Nf5 g6 30. Nxh6 Qb2 31. Ng4 Ra1 32. Qf4 Rxd1+
33. Rxd1 b5 34. e5 Qe2 35. Qh6+ Ke8 36. Rd2 Qe1+ 37. Kh2 g5 38. Rd3 Qb4 39. Rf3
Qc4 40. Nf6+ Bxf6 41. Qxf6 Qe6 42. Qxg5 Qxe5+ 43. Qg3 Qxg3+ 44. Kxg3 Ke7 45.
Kf4 Rc8 46. Rb3 Rc4+ 47. Ke3 b4 48. f4 d5 49. Rb2 Kd6 50. g3 Kc5 51. f5 Rc3+
52. Kf4 b3 53. h4 f6 54. g4 Kb4 55. g5 Rc4+ 56. Kg3 Ka3 57. Rb1 b2 58. g6 Rc1
59. Rxb2 Kxb2 60. Kg2 d4 61. g7 Rc8 62. h5 d3 63. h6 d2 64. h7 d1=Q 65. h8=Q
Rc2+ 66. Kg3 Qg1+ 67. Kf3 Qf2+ 68. Kg4 Rc4+ 69. Kh5 Qg3 0-1

[Event "OLOA 1920 USV Halle - SG AE Magdeburg I"]
[Site "?"]
[Date "2019.12.07"]
[Round "4.2"]
[White "Hartge, Gedeon"]
[Black "Rafayevych, Vilen"]
[Result "1/2-1/2"]
[WhiteElo "2239"]
[BlackElo "2114"]
[PlyCount "55"]
[EventDate "2019.??.??"]
[EventType "team-tourn"]

1. d4 d5 2. c4 Nc6 3. Nf3 Bg4 4. cxd5 Bxf3 5. gxf3 Qxd5 6. e3 e5 7. Nc3 Bb4 8.
Bd2 Bxc3 9. bxc3 Qd6 10. Rb1 b6 11. f4 exf4 12. e4 Nge7 13. Qf3 Qa3 14. Qxf4
O-O 15. Be2 Qxa2 16. O-O f5 17. Ra1 Qc2 18. e5 Ng6 19. Qe3 f4 20. Qd3 Qxd3 21.
Bxd3 Rad8 22. Bc4+ Kh8 23. Bc1 a5 24. Be6 Rfe8 25. Bf7 Rf8 26. Be6 Rfe8 27. Bf7
Rf8 28. Be6 1/2-1/2

[Event "OLOA 1920 USV Halle - SG AE Magdeburg I"]
[Site "?"]
[Date "2019.12.07"]
[Round "4.3"]
[White "Koenig, Marco"]
[Black "Hoepfl, Thomas"]
[Result "0-1"]
[WhiteElo "2099"]
[BlackElo "2246"]
[PlyCount "96"]
[EventDate "2019.??.??"]
[EventType "team-tourn"]

1. e4 e5 2. Nf3 Nc6 3. d4 exd4 4. Nxd4 Qf6 5. Be3 Bc5 6. c3 Nge7 7. Bc4 O-O 8.
O-O b6 9. Qd2 Qg6 10. f3 Ne5 11. Be2 d5 12. f4 Nc4 13. Bxc4 dxc4 14. f5 Qf6 15.
Qe2 Nc6 16. Nxc6 Qxc6 17. Nd2 Bxe3+ 18. Qxe3 f6 19. Nf3 Bb7 20. Rae1 Rfe8 21.
Nd2 Rad8 22. Rf4 Qa4 23. Rg4 Rd3 24. Qh6 Qd7 25. Re2 Kh8 26. Qf4 b5 27. Nf3 c5
28. h3 b4 29. cxb4 cxb4 30. Rg3 Qe7 31. Nd2 Qc5+ 32. Kh2 Rxg3 33. Qxg3 c3 34.
Nb3 Qc4 35. Re1 cxb2 36. Nd2 Qxa2 37. Qc7 b1=Q 38. Rxb1 Qxd2 39. Qxb7 a5 40.
Qb5 Qf4+ 41. Kh1 Qe5 42. Qa4 Qxe4 43. Ra1 Re5 44. Qd7 h6 45. Rxa5 Rxa5 46. Qd8+
Kh7 47. Qxa5 Qe1+ 48. Kh2 Qe5+ 0-1

[Event "OLOA 1920 USV Halle - SG AE Magdeburg I"]
[Site "?"]
[Date "2019.12.07"]
[Round "4.4"]
[White "Schulte, Felix"]
[Black "Noack, Marcel"]
[Result "0-1"]
[WhiteElo "2126"]
[BlackElo "2023"]
[PlyCount "106"]
[EventDate "2019.??.??"]
[EventType "team-tourn"]

1. d4 g6 2. e4 Bg7 3. c4 d6 4. Nc3 Nf6 5. Be2 O-O 6. Be3 Na6 7. g4 e5 8. g5 Ng4
9. Bxg4 Bxg4 10. Qxg4 exd4 11. Bxd4 Bxd4 12. Nge2 Bg7 13. O-O-O Qe8 14. Nd4 Nc5
15. Rhe1 Ne6 16. Nxe6 Qxe6 17. Qxe6 fxe6 18. Re2 a6 19. Rd3 Be5 20. h4 Rf4 21.
Rh3 Raf8 22. Nd1 Bd4 23. Rh2 Rg4 24. Kd2 Rff4 25. Kd3 c5 26. Ne3 Rxh4 27. Rxh4
Rxh4 28. Ng2 Rh3+ 29. Kd2 Rf3 30. Ke1 Kf7 31. b3 b5 32. cxb5 axb5 33. Nh4 Rh3
34. Ng2 e5 35. f4 Rg3 36. Kd2 exf4 37. Nxf4 Rxg5 38. a4 bxa4 39. bxa4 Rg1 40.
Kd3 Ra1 41. Kc4 Rxa4+ 42. Kb5 Ra3 43. Kc6 Be5 44. Nd5 h5 45. Rf2+ Kg7 46. Kd7
h4 47. Ke6 h3 48. Rf7+ Kh6 49. Nf6 Bxf6 50. Rxf6 Rd3 51. Kf7 Rg3 52. Rxd6 h2
53. Rd8 Kh7 0-1

[Event "OLOA 1920 USV Halle - SG AE Magdeburg I"]
[Site "?"]
[Date "2019.12.07"]
[Round "4.5"]
[White "Brueggemann, Florian"]
[Black "Luther, Juergen"]
[Result "0-1"]
[WhiteElo "1986"]
[BlackElo "2122"]
[PlyCount "108"]
[EventDate "2019.??.??"]
[EventType "team-tourn"]

1. e4 e6 2. Ne2 d5 3. Ng3 Nf6 4. Nc3 Bd6 5. Nh5 Nxh5 6. Qxh5 d4 7. Nb5 Nc6 8.
Nxd6+ Qxd6 9. Bb5 Bd7 10. a3 O-O 11. d3 f5 12. Bd2 a6 13. Bxc6 Qxc6 14. O-O
fxe4 15. Bb4 Rf5 16. Qh4 exd3 17. cxd3 Qd5 18. Rac1 Bc6 19. f3 Qd7 20. Rc4 e5
21. Rfc1 Re8 22. Rxc6 bxc6 23. Qe4 Rf6 24. Rc5 g6 25. Rxe5 Rfe6 26. Rxe6 Qxe6
27. Qxd4 Qe3+ 28. Qxe3 Rxe3 29. d4 Re2 30. Bc3 Kf7 31. h4 Ke6 32. a4 Kd5 33. a5
Rc2 34. Kh2 Kc4 35. h5 Kd3 36. hxg6 hxg6 37. Kh3 Ke3 38. Kg3 g5 39. Kh3 Kf2 40.
Kg4 Kxg2 41. f4 gxf4 42. Kxf4 Re2 43. Kg4 Re4+ 44. Kf5 Kf3 45. Kf6 Ke2 46. Kg5
Kd3 47. Kf5 Re2 48. Kf4 Re8 49. Kf5 Kc4 50. Kf6 Re3 51. Kf7 Rxc3 52. bxc3 Kxc3
53. Ke7 Kxd4 54. Kd7 Kc5 0-1

[Event "OLOA 1920 USV Halle - SG AE Magdeburg I"]
[Site "?"]
[Date "2019.12.07"]
[Round "4.6"]
[White "Groeger, Stefan"]
[Black "Windelband, Jens"]
[Result "0-1"]
[WhiteElo "2113"]
[BlackElo "2101"]
[PlyCount "72"]
[EventDate "2019.??.??"]
[EventType "team-tourn"]

1. Nf3 e6 2. d4 d5 3. Bf4 c5 4. c3 Nf6 5. e3 Be7 6. Bd3 O-O 7. Nbd2 Qb6 8. Rb1
Bd7 9. Qe2 c4 10. Bc2 Qa6 11. e4 Ba4 12. b3 cxb3 13. axb3 Qxe2+ 14. Kxe2 dxe4
15. Nxe4 Bc6 16. Nxf6+ Bxf6 17. Rhd1 Rc8 18. Ne1 Nd7 19. Be3 b6 20. f3 g6 21.
c4 a5 22. Be4 Bxe4 23. fxe4 a4 24. Kd3 e5 25. d5 axb3 26. Rxb3 Be7 27. Rc1 f5
28. g3 Bc5 29. Rbc3 Ra4 30. Nf3 Kg7 31. Nd2 Kf6 32. Nb3 Bb4 33. R3c2 Ra3 34.
Rb1 Rc7 35. Bc1 Rxb3+ 36. Rxb3 Nc5+ 0-1

[Event "OLOA 1920 USV Halle - SG AE Magdeburg I"]
[Site "?"]
[Date "2019.12.07"]
[Round "4.7"]
[White "Sieber, Martin"]
[Black "Hentzgen, Thomas"]
[Result "1-0"]
[WhiteElo "1898"]
[BlackElo "2028"]
[PlyCount "79"]
[EventDate "2019.??.??"]
[EventType "team-tourn"]

1. d4 e6 2. Nf3 c5 3. c4 cxd4 4. Nxd4 a6 5. g3 Qc7 6. b3 b5 7. Bg2 Bb7 8. Bxb7
Qxb7 9. O-O bxc4 10. bxc4 Nc6 11. Nb3 Be7 12. Bb2 Nf6 13. N1d2 O-O 14. Rb1 Qc7
15. e4 d6 16. Qe2 Nd7 17. Rfc1 Na5 18. Qe3 Nb7 19. Nf3 Nbc5 20. e5 Rac8 21.
exd6 Qxd6 22. Rd1 Qc7 23. Qd4 Bf6 24. Qd6 Qxd6 25. Rxd6 Be7 26. Rd2 Nb6 27. Na5
Nca4 28. Be5 Nxc4 29. Nxc4 Rxc4 30. Rd7 Bf6 31. Ra7 Rc6 32. Rb4 Nc5 33. Rc4
Rfc8 34. Nd4 Rb6 35. Rxc5 Re8 36. Bxf6 gxf6 37. Rcc7 Rd8 38. Nb3 Rd1+ 39. Kg2
Rb1 40. Rxf7 1-0

[Event "OLOA 1920 USV Halle - SG AE Magdeburg I"]
[Site "?"]
[Date "2019.12.07"]
[Round "4.8"]
[White "Altstadt, Karl-Simon"]
[Black "Heyne, Jan-Hendrik"]
[Result "1/2-1/2"]
[WhiteElo "2004"]
[BlackElo "1840"]
[PlyCount "70"]
[EventDate "2019.??.??"]
[EventType "team-tourn"]

1. e4 e5 2. Nf3 Nc6 3. d4 exd4 4. Bc4 Bc5 5. c3 d3 6. Qxd3 d6 7. h3 h6 8. a4 a5
9. Na3 Nf6 10. O-O O-O 11. Bf4 Nd7 12. Nb5 Bb6 13. Rad1 Qe7 14. Rfe1 Nde5 15.
Nxe5 Nxe5 16. Bxe5 dxe5 17. Qe2 Be6 18. Na3 Qg5 19. Rd3 Bc5 20. Kh1 Qe7 21. Rg3
Qh4 22. Rd1 Rad8 23. Rxd8 Rxd8 24. Bxe6 fxe6 25. Nc4 Qf4 26. Rf3 Qc1+ 27. Kh2
Rd1 28. Ne3 Rh1+ 29. Kg3 Re1 30. Qc4 Bxe3 31. Qxe6+ Kh7 32. Qf5+ Kg8 33. fxe3
Rxe3 34. Qf7+ Kh7 35. Qf5+ Kg8 1/2-1/2

[Event "OLOA 1920 SK König Plauen I - SG 1871 "]
[Site "?"]
[Date "2019.12.07"]
[Round "4.1"]
[White "Pallas, Sebastian"]
[Black "Mastrovasilis, Dimitrios"]
[Result "0-1"]
[WhiteElo "2264"]
[BlackElo "2599"]
[PlyCount "134"]
[EventDate "2019.??.??"]
[EventType "team-tourn"]

1. e4 c5 2. Nf3 e6 3. d4 cxd4 4. Nxd4 Nc6 5. Nxc6 bxc6 6. Bd3 Nf6 7. O-O d5 8.
Nd2 Qc7 9. Qe2 Bd6 10. h3 O-O 11. c4 Bb7 12. Re1 Nd7 13. Nf3 dxc4 14. Bxc4 c5
15. b3 Ne5 16. Bb2 Rfd8 17. Nd2 Nc6 18. e5 Be7 19. Nf3 Rd7 20. Rad1 Rad8 21.
Rxd7 Qxd7 22. Bb5 h6 23. Bc3 Qc7 24. Rc1 Qb6 25. Bd3 Nb4 26. Bb1 Qa6 27. Qxa6
Bxa6 28. Bxb4 cxb4 29. Rc7 Bf8 30. Rxa7 Rd1+ 31. Kh2 Rxb1 32. Rxa6 Rb2 33. Kg3
Bc5 34. h4 Bxf2+ 35. Kh3 g6 36. Ra4 Bc5 37. Ra5 Rc2 38. Kg3 Kg7 39. Kf4 Be7 40.
g3 Bc5 41. Rb5 Rc3 42. g4 Be7 43. Ke4 Bc5 44. Kf4 Rc2 45. Ne1 g5+ 46. hxg5
hxg5+ 47. Kf3 Rc3+ 48. Kg2 Bf8 49. Kf2 Kg6 50. Rb8 Bc5+ 51. Kg2 Re3 52. Nf3
Re2+ 53. Kh3 Be3 54. Rxb4 Bf4 55. a4 Rf2 56. a5 Rxf3+ 57. Kg2 Rg3+ 58. Kf1 Rf3+
59. Kg2 Rc3 60. a6 Rc7 61. Ra4 Be3 62. b4 Rc4 63. a7 Bxa7 64. Rxa7 Rxg4+ 65.
Kf3 Rxb4 66. Rc7 Rf4+ 67. Kg3 Rf5 0-1